Most Populous Capitals Quiz Stats

 Plays Quiz Updated Sep 28, 2018

Score 0/25 Timer 06:00
3 Plays Today
Rank Capital % Correct
14.London (UK)
93.3%
16.Paris (France)
92.3%
7.Beijing (China)
91.6%
1.Tokyo (Japan)
91.1%
6.Mexico City (Mexico)
88%
11.Moscow (Russia)
85.9%
20.Washington DC (United States)
78.5%
10.Cairo (Egypt)
70.4%
12.Buenos Aires (Argentina)
68.2%
5.Seoul (South Korea)
63%
2.Jakarta (Indonesia)
60.1%
9.Bangkok (Thailand)
53.9%
13.Tehran (Iran)
53.7%
Rank Capital % Correct
21.Kuala Lumpur (Malaysia)
52.4%
17.Lima (Peru)
50.1%
22.Singapore
49.1%
25.Santiago (Chile)
48.9%
18.Bogotá (Colombia)
47.6%
4.Manila (Philippines)
46.1%
8.Dhaka (Bangladesh)
37.3%
3.New Delhi (India)
35.7%
24.Riyadh (Saudi Arabia)
34.4%
15.Kinshasa (D.R. Congo)
27.4%
19.Taipei (Taiwan)
14.7%
23.Luanda (Angola)
7.2%

You're not logged in!

Compare scores with friends on all Sporcle quizzes.
OR
Log In

Sporcle TV

Today on Sporcle TV


Watch our educational content, quiz creation guides, and fun videos on Sporcle TV.

Show Comments

Extras

Top Quizzes Today


Score Distribution

Your Account Isn't Verified!

In order to create a playlist on Sporcle, you need to verify the email address you used during registration. Go to your Sporcle Settings to finish the process.

Report this User

Report this user for behavior that violates our Community Guidelines.

Details: